[Event "Stuttgart-chA"]
[Site "Stuttgart"]
[Date "2003.??.??"]
[Round "?"]
[White "Viskin, Volodymyr"]
[Black "Zorzi, Michael"]
[Result "1-0"]
[WhiteElo "2100"]
[BlackElo "1710"]
[PlyCount "61"]
[EventDate "2003.??.??"]
[EventType "swiss"]
[EventRounds "9"]
[EventCountry "GER"]
[SourceTitle "EXT 2007"]
[Source "ChessBase"]
[SourceDate "2006.11.23"]
[SourceVersion "1"]
[SourceVersionDate "2006.11.23"]
[SourceQuality "1"]

1. e4 b6 2. d4 e6 3. Bd3 Bb7 4. Nf3 c5 5. c3 cxd4 6. cxd4 Bb4+ 7. Nbd2 Nf6 8. 0-0 h6 9. Qe2 Qc8 10. a3 Be7 11. b4 d5 12. e5 Nh7 13. Bb2 0-0 14. Rac1 Qd7 15. Rc3 Nc6 16. Bb1 Rfc8 17. Ne1 Rc7 18. Rg3 f5 19. exf6 Bxf6 20. Re3 Nf8 21. Nef3 Ne7 22. Ne5 Bxe5 23. Rxe5 Nc6 24. Re3 Qd6 25. Re1 Re8 26. Bf5 Rce7 27. Bd3 Nd8 28. Qh5 Rf7 29. Nf3 Nc6 30. b5 Ne7 31. Ne5 1-0

[Event "Stuttgart-chA"]
[Site "Stuttgart"]
[Date "2003.??.??"]
[Round "?"]
[White "Zorzi, Michael"]
[Black "Bauer, Dieter"]
[Result "1/2-1/2"]
[WhiteElo "1710"]
[BlackElo "1975"]
[PlyCount "115"]
[EventDate "2003.??.??"]
[EventType "swiss"]
[EventRounds "9"]
[EventCountry "GER"]
[SourceTitle "EXT 2007"]
[Source "ChessBase"]
[SourceDate "2006.11.23"]
[SourceVersion "1"]
[SourceVersionDate "2006.11.23"]
[SourceQuality "1"]

1. c3 f5 2. e4 fxe4 3. d3 Nf6 4. dxe4 d6 5. Qc2 g6 6. Bg5 Bg7 7. Bc4 c6 8. Nf3 a5 9. Bd3 Qc7 10. e5 dxe5 11. Nbd2 Be6 12. 0-0 Bf7 13. Rfe1 Nbd7 14. Nc4 Nd5 15. g3 b5 16. Ncd2 0-0 17. Ne4 N5f6 18. c4 b4 19. Nfd2 Rfe8 20. f3 Rad8 21. Be3 Nxe4 22. Nxe4 Nf6 23. Nc5 Nd7 24. Ne4 Bf6 25. g4 Nf8 26. Nc5 Nd7 27. Ne4 Nf8 28. Nc5 Bg7 29. Re2 Nd7 30. Rd1 Nxc5 31. Bxc5 Rd7 32. Be3 Red8 33. Red2 Be8 34. Be4 Rxd2 35. Rxd2 Rxd2 36. Qxd2 Qd6 37. Kf2 Bf8 38. Ke2 e6 39. Qxd6 Bxd6 40. Bb6 a4 41. c5 Be7 42. Kd3 Bg5 43. Ba5 Bf4 44. h3 a3 45. Bxb4 axb2 46. Kc2 Kf7 47. Kxb2 Ke7 48. Kb3 Kd7 49. Ka4 Bg5 50. Bc3 Be3 51. Kb4 Bf4 52. a4 Kc7 53. Kc4 Bd7 54. Ba5+ Kb7 55. Bc3 Bc8 56. Kb3 Be3 57. Bb4 Bg5 58. Bc3 1/2-1/2

[Event "Stuttgart-chA"]
[Site "Stuttgart"]
[Date "2003.??.??"]
[Round "?"]
[White "Zorzi, Michael"]
[Black "Heisler, Bernhard"]
[Result "0-1"]
[WhiteElo "1710"]
[BlackElo "2025"]
[PlyCount "70"]
[EventDate "2003.??.??"]
[EventType "swiss"]
[EventRounds "9"]
[EventCountry "GER"]
[SourceTitle "EXT 2007"]
[Source "ChessBase"]
[SourceDate "2006.11.23"]
[SourceVersion "1"]
[SourceVersionDate "2006.11.23"]
[SourceQuality "1"]

1. c3 Nf6 2. Nf3 g6 3. d4 Bg7 4. Bf4 d6 5. Nbd2 0-0 6. e4 Nbd7 7. Qc2 c5 8. d5 a6 9. a4 b6 10. Bd3 Rb8 11. c4 Ng4 12. 0-0 Nge5 13. Be2 h6 14. h3 Qc7 15. Be3 f5 16. exf5 gxf5 17. Nxe5 dxe5 18. f3 Nf6 19. Bd3 Nh5 20. Rfe1 Kh8 21. g4 Nf4 22. Bxf4 exf4 23. Kg2 Qd6 24. Rac1 Qf6 25. b3 Qh4 26. Nf1 Bd4 27. Re6 Bxe6 28. dxe6 fxg4 29. hxg4 h5 30. Bf5 Rxf5 31. Qxf5 Qf2+ 32. Kh3 Qxf3+ 33. Kh4 Qh1+ 34. Kg5 Rg8+ 35. Kh6 hxg4+ 0-1